Επίλεκτα διηγήματα

Saved in:
Bibliographic Details
Main Author: Maupassant, Guy de, 1850-1893
Other Authors: Πιομπίνος, Φοίβος Ι. (Author of introduction, etc., Translator)
Format: Book
Language:Greek
French
Published: Αθήνα : Ίκαρος, 2005.
Subjects:
Tags: Add Tag
No Tags, Be the first to tag this record!

MARC

LEADER 00000cam a2200000 i 4500
001 1/22113
008 060118s2005 gr | ||| |||| ||gre||
020 |a 9608399068 
035 |l 10082057 
040 |a GR-MyUa  |b gre  |e AACR2 
041 1 |a gre  |h fre 
082 7 |a 843   |2 (22) 
100 1 |a Maupassant, Guy de,   |d 1850-1893. 
245 1 0 |a Επίλεκτα διηγήματα /   |c Γκυ ντε Μωπασάν ; εισαγωγή, μετάφραση, σημειώσεις, χρονολόγιο Φοίβος Ι. Πιομπίνος.  
260 |a Αθήνα :   |b Ίκαρος,   |c 2005.  
300 |a 576 σ. ;   |c 22 εκ. 
650 0 |a Short stories, French. 
700 1 |a Πιομπίνος, Φοίβος Ι.  |e aui  |e trl 
852 |a INST  |b SYROS  |e 20060118  |h 843 MAU  |p 005500004989  |q 005500004989  |t BK  |y 0 
901 |a BIBL5-2006-1 
922 |a 5ΕΛΗ  |b 200511  |c Βιβλιοθήκη Σύρου  |d Σελεφαΐς 
970 |a Κοντού  |b Παρασκευή  |z 25/01/2006